000 00437nam a22001697a 4500
005 20180712112545.0
008 160525b xxu||||| |||| 00| 0 eng d
020 _a978-81-317-2571-9
041 _aeng
082 _b4960
_a658.1511
100 _aHorngren and Others
_94529
245 _aIntroduction to Management Accounting
260 _aNew Delhi
_bAcademic Faundation
300 _a831p,
650 _aManagement
_9241
942 _cBK
999 _c1740
_d1739